| 000 | 00518nam a2200181Ia 4500 | ||
|---|---|---|---|
| 005 | 20250507130145.0 | ||
| 008 | 008 250505s9999 xx 000 0 eng d | ||
| 037 | _aTHE | ||
| 040 |
_aEASL _beng _cEASL |
||
| 041 |
_aeng _2eng |
||
| 084 | _qEASL | ||
| 100 |
_aMathur Nalini _9536651 |
||
| 245 | 0 | _aPrelude to Tiananmen incident K.P. Gupta | |
| 260 |
_aIndia _bDelhi. Social Sciences. Chinese & Japanese _c1990 |
||
| 546 | _aBoth Acc. Nos. are of same dissertation | ||
| 942 | _cDIS | ||
| 999 |
_c1318013 _d1318013 |
||